50 comuni più grandi del Veneto - Statistics

Statistiche generali
  • Questo quiz è stato fatto 196 volte
  • Il punteggio medio è 24 su 50
Statistiche sulle risposte
Hint Risposta % Corretto
207.301 Padova
100%
250.369 Venezia
100%
85.282 Treviso
99%
255.643 Verona
99%
110.830 Vicenza
99%
35.487 Belluno
95%
50.099 Rovigo
94%
42.434 Bassano del Grappa
80%
47.570 Chioggia
72%
26.861 Jesolo
67%
34.445 Conegliano
65%
33.103 Castelfranco Veneto
64%
41.883 San Donà di Piave
63%
20.058 Cittadella
60%
27.217 Vittorio Veneto
57%
37.618 Mira
56%
38.848 Schio
55%
20.468 Feltre
53%
24.356 Portogruaro
53%
20.350 Abano
49%
23.961 Thiene
49%
27.107 Mirano
48%
31.281 Montebelluna
48%
32.993 Villafranca di Verona
47%
25.615 Legnago
42%
17.185 Monselice
40%
27.922 Mogliano Veneto
39%
20.166 Piove di Sacco
37%
20.207 Oderzo
36%
25.603 Arzignano
35%
18.581 Adria
33%
27.144 Albignasego
33%
23.591 Montecchio Maggiore
32%
21.498 San Bonifacio
32%
25.295 San Giovanni Lupatoto
30%
19.111 Scorzè
29%
27.720 Spinea
28%
25.765 Valdagno
28%
22.147 Paese
27%
23.284 Vigonza
27%
20.874 Bussolengo
22%
17.725 Marcon
21%
21.244 Martellago
21%
22.908 Selvazzano Dentro
20%
17.610 Villorba
20%
16.915 Cerea
19%
17.521 Pescantina
14%
17.014 Rubano
14%
17.380 Santa Maria di Sala
11%
17.602 Sona
10%
Nessun quiz corrispondente trovato
Distribuzione punteggi
Percentuale di utenti per punteggio
Percentile per numero di risposta
I tuoi punteggi nel tempo
Non hai fatto questo quiz